| 000 | 00606nam a22002057a 4500 | ||
|---|---|---|---|
| 003 | SISC | ||
| 005 | 20160406124750.0 | ||
| 008 | 130822t xxu||||| |||| 00| 0 eng d | ||
| 020 | _a0458973300 | ||
| 050 |
_aHC 115 _b.Si57 1984 |
||
| 082 |
_aHS 338.971 _b Si8 1984 |
||
| 100 |
_aSitwell, O.F.G. _911897 |
||
| 245 |
_aThe regional structure of the Canadian economy / _cO.F.G. Sitwell |
||
| 260 |
_aToronto : _bMethuen, _cc1984. |
||
| 300 |
_a192 p. : _bill. ; _c23 cm. |
||
| 650 |
_aRegional disparity _xCanada _911898 |
||
| 650 |
_aCanada _xeconomic policy _911899 |
||
| 942 |
_2lcc _cBK |
||
| 999 |
_c8939 _d8939 |
||